| 000 | 00538nam a2200181Ia 4500 | ||
|---|---|---|---|
| 999 |
_c3678 _d3678 |
||
| 003 | OSt | ||
| 005 | 20200821121200.0 | ||
| 008 | 190216s9999||||xx |||||||||||||| ||und|| | ||
| 020 | _a9788187134329 | ||
| 040 | _coclc | ||
| 082 |
_a628.5 _bDAS/E |
||
| 100 |
_aDas, Asim K _94164 |
||
| 245 | 0 |
_aEnvironmental Chemistry With Green Chemistry / _cAsim K Das ; Mahua Das |
|
| 260 |
_bBooks And Allied Pvt Ltd, _c2012. _aKolkata: |
||
| 300 | _a752p | ||
| 650 | _aChemistry | ||
| 942 |
_cBK _2ddc _h628.5 _iDAS/E _k628.5 _mDAS/E |
||